Problem-solving strategies /

Obra sobre solución de problemas matemáticos de temas diversos, Dichos problemas son planteados en competencias norteamericanas e internacionales entre estudiantes de educación media superior.

Збережено в:
Бібліографічні деталі
Автор: Engel, Arthur (autor)
Формат: Книга
Мова:Англійська
Опубліковано: Nueva York, EUA : Springer, 1998, c1998
Серія:(Problem Books in Mathematics)
Предмети:
Теги: Додати тег
Немає тегів, Будьте першим, хто поставить тег для цього запису!

MARC

LEADER 00000nam^a2200000^a^4500
001 000105329
005 20250624000000.0
009 20260310093455.341
020 |a 0-387-98219-1 
037 |a Acervo ITESO - Biblioteca 
041 |a ING 
082 |a 510.  |b ENG 
100 |a Engel, Arthur  |e (autor) 
245 1 0 |a Problem-solving strategies /  |c A. Engel. 
264 4 |a Nueva York, EUA :  |b Springer,  |c 1998, c1998 
300 |a 403 p. 
336 |a texto  |b txt  |2 rdacontenido 
337 |a sin mediación  |b n  |2 rdamedio 
338 |a volumen  |b nc  |2 rdasoporte 
440 1 |a (Problem Books in Mathematics) 
520 |a Obra sobre solución de problemas matemáticos de temas diversos, Dichos problemas son planteados en competencias norteamericanas e internacionales entre estudiantes de educación media superior. 
649 |a XX 
650 |a Matemáticas -  |x Estudio y Enseñanza 
910 |a Fondo General 
920 |a Impresos - Libros 
930 |a Colección General 
905 |a 101 
901 |a 0500041443  |b IT1  |c ACC  |u 20250521 
901 |a 0500125777  |b IT1  |c ACC  |u 20250521 
901 |a 0500234574  |b IT1  |c ACC  |d DT  |i D64356  |u 20250624 
902 |a https://opac.biblio.iteso.mx/vufind/Record/000105329